00813nam a2200253 a 450000100060000000300080000600500170001400800410003102000170007203500190008904000320010804100080014008200250014810000240017324500560019725000440025326000640029730000400036149000320040150400370043365000220047070000350049283000320052773928BD-RjUL20211209082449.0140128s1985 caua b 001 0 eng  c: IRs. 35.00 a(BD-RjUL)74146 aDLCcDLCdDLCdBD-RjULbeng aeng00219a581.1 bSAP 1974 aSalisbury, Frank B.10aPlant physiology /cFrank B. Salisbury, Cleon Ross. aEastern Economy ed., Indian Reprint ed. aNew Delhi:bPrentice-Hall of India,cc1969 [Reprinted 1974] axvi, 747, [14] p. :bill. ;c29 cm. aThe Wadsworth Botany Series aIncludes Bibliography and index. aPlant physiology.1 aRoss, Cleon , jt. auth.d1934- aThe Wadsworth Botany Series